MyGZULibrary

Somalia--the untold story : (Record no. 11749)

MARC details
000 -LEADER
fixed length control field 01798cam a22004934a 4500
001 - CONTROL NUMBER
control field 13339882
003 - CONTROL NUMBER IDENTIFIER
control field GZU
005 - DATE AND TIME OF LATEST TRANSACTION
control field 20260323090546.0
008 - FIXED-LENGTH DATA ELEMENTS--GENERAL INFORMATION
fixed length control field 030911s2004 enkab b 001 0 eng
010 ## - LIBRARY OF CONGRESS CONTROL NUMBER
LC control number 2003020195
020 ## - INTERNATIONAL STANDARD BOOK NUMBER
International Standard Book Number 0745322093
020 ## - INTERNATIONAL STANDARD BOOK NUMBER
International Standard Book Number 0745322085
Qualifying information pbk.
020 ## - INTERNATIONAL STANDARD BOOK NUMBER
International Standard Book Number 9780745322094
020 ## - INTERNATIONAL STANDARD BOOK NUMBER
International Standard Book Number 9780745322087
Qualifying information (pbk.)
022 ## - INTERNATIONAL STANDARD SERIAL NUMBER
International Standard Serial Number .
035 ## - SYSTEM CONTROL NUMBER
System control number 13339882
040 ## - CATALOGING SOURCE
Original cataloging agency DLC
Transcribing agency DLC
Modifying agency DLC
Language of cataloging eng
Description conventions rda
042 ## - AUTHENTICATION CODE
Authentication code pcc
043 ## - GEOGRAPHIC AREA CODE
Geographic area code f-so---
050 00 - LIBRARY OF CONGRESS CALL NUMBER
Classification number HQ1795
Item number .SOM 2004
245 00 - TITLE STATEMENT
Title Somalia--the untold story :
Remainder of title the war through the eyes of Somali women /
Statement of responsibility, etc. edited by Judith Gardner and Judy El Bushra.
246 30 - VARYING FORM OF TITLE
Title proper/short title War through the eyes of Somali women
260 ## - PUBLICATION, DISTRIBUTION, ETC.
Place of publication, distribution, etc. London :
Name of publisher, distributor, etc. CIIR ;
Place of publication, distribution, etc. London ;
-- Sterling, Va. :
Name of publisher, distributor, etc. Pluto Press,
Date of publication, distribution, etc. 2004.
300 ## - PHYSICAL DESCRIPTION
Extent xiv, 257 pages :
Other physical details illustrations, map ;
Dimensions 23 cm.
336 ## - CONTENT TYPE
Content type term text
Content type code txt
Source rdacontent
337 ## - MEDIA TYPE
Media type term unmediated
Media type code n
Source rdamedia
338 ## - CARRIER TYPE
Carrier type term volume
Carrier type code nc
Source rdacarrier
504 ## - BIBLIOGRAPHY, ETC. NOTE
Bibliography, etc. note Includes bibliographical references (p. 241-245) and index.
505 ## - FORMATTED CONTENTS NOTE
Formatted contents note .
520 ## - SUMMARY, ETC.
Summary, etc. .
650 #0 - SUBJECT ADDED ENTRY--TOPICAL TERM
Topical term or geographic name entry element Women
Geographic subdivision Somalia.
650 #0 - SUBJECT ADDED ENTRY--TOPICAL TERM
Topical term or geographic name entry element Women refugees
Geographic subdivision Somalia.
650 #0 - SUBJECT ADDED ENTRY--TOPICAL TERM
Topical term or geographic name entry element Women and war
Geographic subdivision Somalia.
650 #0 - SUBJECT ADDED ENTRY--TOPICAL TERM
Topical term or geographic name entry element Women
General subdivision Crimes against
Geographic subdivision Somalia.
651 #0 - SUBJECT ADDED ENTRY--GEOGRAPHIC NAME
Geographic name Somalia
General subdivision History
Chronological subdivision 1991-
651 #0 - SUBJECT ADDED ENTRY--GEOGRAPHIC NAME
Geographic name Somalia
General subdivision Social conditions
Chronological subdivision 1960-
700 1# - ADDED ENTRY--PERSONAL NAME
Personal name Gardner, Judith.
Relator term editor
700 1# - ADDED ENTRY--PERSONAL NAME
Personal name El-Bushra, Judy.
Relator term editor
710 2# - ADDED ENTRY--CORPORATE NAME
Corporate name or jurisdiction name as entry element Catholic Institute for International Relations.
856 41 - ELECTRONIC LOCATION AND ACCESS
Materials specified Table of contents
Uniform Resource Identifier <a href="http://www.loc.gov/catdir/toc/ecip048/2003020195.html">http://www.loc.gov/catdir/toc/ecip048/2003020195.html</a>
856 42 - ELECTRONIC LOCATION AND ACCESS
Materials specified Contributor biographical information
Uniform Resource Identifier <a href="http://www.loc.gov/catdir/enhancements/fy0904/2003020195-b.html">http://www.loc.gov/catdir/enhancements/fy0904/2003020195-b.html</a>
856 42 - ELECTRONIC LOCATION AND ACCESS
Materials specified Publisher description
Uniform Resource Identifier <a href="http://www.loc.gov/catdir/enhancements/fy0904/2003020195-d.html">http://www.loc.gov/catdir/enhancements/fy0904/2003020195-d.html</a>
942 ## - ADDED ENTRY ELEMENTS (KOHA)
Source of classification or shelving scheme Library of Congress Classification
Koha item type Books
Classification part 1795
Item part SOM
Call number prefix HQ
Holdings
Withdrawn status Lost status Source of classification or shelving scheme Damaged status Not for loan Collection code Home library Current library Shelving location Date acquired Total Checkouts Full call number Barcode Date last seen Copy number Price effective from Koha item type
    Library of Congress Classification     Non-fiction Gender Resource Centre Gender Resource Centre General Stacks 03/23/2026   HQ1795 SOM 2004 001276 03/23/2026 c. 1 03/23/2026 Books
    Library of Congress Classification     Non-fiction Gender Resource Centre Gender Resource Centre General Stacks 03/23/2026   HQ1795 SOM 2004 001479 03/23/2026 c. 2 03/23/2026 Books